Państwa Afryki - jednominutowy sprint - Statystyki

Ogólne statystyki
  • Ten quiz został rozwiązany 4 767 razy
  • Średni wynik to 28 z 54
Odpowiedzi na mapie
Odpowiedzi zakodowano w zielono-czerwonej skali na mapie do tego quizu, zgodnie z poniższymi procentami.
 
Statystyki odpowiedzi
Kraj % Poprawnych
Egipt
94%
Algieria
89%
Maroko
89%
Republika Południowej Afryki
87%
Libia
85%
Niger
81%
Sudan
81%
Demokratyczna Republika Konga
80%
Tunezja
80%
Nigeria
76%
Czad
75%
Mali
74%
Kongo
70%
Etiopia
68%
Somalia
68%
Kenia
63%
Mauretania
58%
Madagaskar
56%
Angola
55%
Senegal
52%
Ghana
51%
Tanzania
51%
Sudan Południowy
50%
Togo
50%
Erytrea
49%
Gwinea
49%
Lesotho
47%
Zambia
47%
Republika Środkowoafrykańska
46%
Namibia
45%
Wybrzeże Kości Słoniowej
45%
Gambia
44%
Kamerun
44%
Benin
43%
Gabon
42%
Uganda
41%
Mozambik
40%
Rwanda
38%
Dżibuti
37%
Liberia
37%
Zimbabwe
37%
Botswana
36%
Eswatini
35%
Malawi
33%
Republika Zielonego Przylądka
30%
Burundi
28%
Gwinea Bissau
28%
Burkina Faso
27%
Seszele
27%
Komory
25%
Mauritius
23%
Sierra Leone
23%
Gwinea Równikowa
21%
Wyspy Świętego Tomasza i Książeca
14%
Nie znaleziono quizów pasujących do podanych kryteriów
Rozkład punktacji
Procent ludzi z każdym wynikiem
Percentyl według liczby udzielonych odpowiedzi
Twoja historia wyników
Nie rozwiązałeś tego quizu